00549nam a2200169Ia 4500008004100000020001600041020001800057041000800075050002100083100002800104245009100132260003900223300002900262650003800291650002200329650002800351200812s9999 xx 000 0 und d a056705005X  a9780567050052 aeng aBS491 b.I6 1977 aSmith, Henry Preserved  aA critical and exegetical commentary on the books of Samuelb /cHenry Preserved Smith aEdinburgh :b T. & T. Clark,c1977 axxxix, 421 p.b;c22 cm. aBible. -- Samuel -- Commentaries. aBible. -- Samuel. aSamuel (Buch). -- I.II.